00516cam a22001812 4500001001100000005001700011008004100028020001700069040001500086100003100101245005200132250001200184260004700196300001600243650003700259650003500296852000300331000002354820151217152244.0130228s xx 000 0 eng d a0335205496 : aKABUcKABU1 aBrown, Sheila.@000018299310aCrime and law in media culture /cSheila Brown. a1st ed. aBerkshire :bOpen university press,c2003. avii, 224 p. 0aCrime in mass media.@0000167975 0aLaw in mass media.@00001829941